• 首页
  • 本馆介绍
  • 公告通知
  • 最新文献
  • 馆藏检索
  • 电子资源
  • 读者导购
  • 参考咨询
  • 我的图书馆
  • 登录
  • 详细信息显示
  • 放入我的书架
  • 预约/预借图书
  • 作者相关作品
  • 分类相关作品
  • 丛书相关作品
  • 出版社相关作品

书目信息

  • 表格格式
  • 工作单格式
  • 卡片格式
题名:
粤语勾漏片封开开建话语音研究
    
 
作者: 侯兴泉 著
分册:  
出版信息: 上海   中西书局  2016.02
页数: 10, 390页
开本: 21cm
丛书名: 清华语言学博士丛书
单 册:
中图分类: H178
科图分类:
主题词: 粤语--yue yu--语音--方言研究--封开县
电子资源:
ISBN: 978-7-5475-1023-0
000 01157nam 2200277 450
001 2365448305
005 20231213181117.33
010    @a978-7-5475-1023-0@d49.00CNY
100    @a20160425d2016 em y0chiy50 ea
101 0  @achi
102    @aCN@b310000
105    @abk a 000yy
200 1  @a粤语勾漏片封开开建话语音研究@Ayue yu gou lou pian feng kai kai jian hua yu yin yan jiu@e兼与勾漏片粤语及桂南平话的比较@f侯兴泉著
210    @a上海@c中西书局@d2016.02
215    @a10, 390页@c地图@d21cm
225 2  @a清华语言学博士丛书@Aqing hua yu yan xue bo shi cong shu
314    @a侯兴泉, 1979年生, 广东肇庆封开县人。毕业于北京大学中文系, 师从李小凡教授。
320    @a有书目 (第338-356页)
330    @a本书对广东省肇庆市封开县开建话作了全面而细致的语音描写, 进而对勾漏片粤语、桂南平话以及广府片粤语三类主要方言作了深入的音韵比较。
410  0 @12001 @a清华语言学博士丛书
517 1  @a兼与勾漏片粤语及桂南平话的比较@Ajian yu gou lou pian yue yu ji gui nan ping hua de bi jiao
606 0  @a粤语@Ayue yu@x语音@x方言研究@y封开县
690    @aH178@v5
701  0 @a侯兴泉@Ahou xing quan@4著
801  0 @aCN@b湖北三新@c20160425
905    @aBZT@dH178@e2
    
    粤语勾漏片封开开建话语音研究:兼与勾漏片粤语及桂南平话的比较/侯兴泉著.-上海:中西书局,2016.02
    10, 390页:地图;21cm.-(清华语言学博士丛书)
    
    
    ISBN 978-7-5475-1023-0:49.00CNY
    本书对广东省肇庆市封开县开建话作了全面而细致的语音描写, 进而对勾漏片粤语、桂南平话以及广府片粤语三类主要方言作了深入的音韵比较。
●
相关链接 在五车中查询图书 在当当中查询图书 在豆瓣中查询图书


正题名:粤语勾漏片封开开建话语音研究     索取号:H178/2         预约/预借

序号 登录号 条形码 馆藏地/架位号 状态 备注
1 2001581767   2001581767   辽三/辽宁北配(第三批)/1818/ [索取号:H178/2] 在馆    
2 2001581768   2001581768   辽三/辽宁北配(第三批)/1818/ [索取号:H178/2] 在馆    
3 2001581769   2001581769   辽三/辽宁北配(第三批)/1818/ [索取号:H178/2] 在馆    
4 2001581770   2001581770   辽三/辽宁北配(第三批)/1818/ [索取号:H178/2] 在馆    
5 2001581771   2001581771   辽三/辽宁北配(第三批)/1818/ [索取号:H178/2] 在馆    
6 2001581772   2001581772   辽三/辽宁北配(第三批)/1818/ [索取号:H178/2] 在馆    
7 2001581773   2001581773   辽三/辽宁北配(第三批)/1818/ [索取号:H178/2] 在馆    
8 2001581774   2001581774   辽三/辽宁北配(第三批)/1818/ [索取号:H178/2] 在馆    
9 2001581775   2001581775   辽三/辽宁北配(第三批)/1818/ [索取号:H178/2] 在馆    
10 2001581776   2001581776   辽三/辽宁北配(第三批)/1818/ [索取号:H178/2] 在馆    
11 2001581777   2001581777   辽三/辽宁北配(第三批)/1818/ [索取号:H178/2] 在馆    
12 2001581778   2001581778   辽三/辽宁北配(第三批)/1818/ [索取号:H178/2] 在馆    
13 2001581779   2001581779   辽三/辽宁北配(第三批)/1818/ [索取号:H178/2] 在馆    
14 2001581780   2001581780   辽三/辽宁北配(第三批)/1818/ [索取号:H178/2] 在馆    
15 2001581781   2001581781   辽三/辽宁北配(第三批)/1818/ [索取号:H178/2] 在馆    
16 2001581782   2001581782   辽三/辽宁北配(第三批)/1818/ [索取号:H178/2] 在馆    
17 2001581783   2001581783   辽三/辽宁北配(第三批)/1819/ [索取号:H178/2] 在馆    
18 2001581784   2001581784   辽三/辽宁北配(第三批)/1819/ [索取号:H178/2] 在馆    
19 2001581785   2001581785   辽三/辽宁北配(第三批)/1819/ [索取号:H178/2] 在馆    
20 2001581786   2001581786   辽三/辽宁北配(第三批)/1819/ [索取号:H178/2] 在馆    
21 2001581787   2001581787   辽三/辽宁北配(第三批)/1819/ [索取号:H178/2] 在馆    
22 2001581788   2001581788   辽三/辽宁北配(第三批)/1819/ [索取号:H178/2] 在馆    
23 2001581789   2001581789   辽三/辽宁北配(第三批)/1819/ [索取号:H178/2] 在馆    
24 2001581790   2001581790   辽三/辽宁北配(第三批)/1819/ [索取号:H178/2] 在馆    
25 2001581791   2001581791   辽三/辽宁北配(第三批)/1819/ [索取号:H178/2] 在馆    
26 2001581792   2001581792   辽三/辽宁北配(第三批)/1819/ [索取号:H178/2] 在馆    
27 2001581793   2001581793   辽三/辽宁北配(第三批)/1819/ [索取号:H178/2] 在馆    
28 2001581794   2001581794   辽三/辽宁北配(第三批)/1819/ [索取号:H178/2] 在馆    
29 2001581795   2001581795   辽三/辽宁北配(第三批)/1819/ [索取号:H178/2] 在馆    
30 2001581796   2001581796   辽三/辽宁北配(第三批)/1819/ [索取号:H178/2] 在馆    
山东省滨州职业学院图书馆 欢迎您!
大连网信软件有限公司© 版权所有